| 000 | 00414nam a22001577a 4500 | ||
|---|---|---|---|
| 005 | 20180321120127.0 | ||
| 008 | 160430b xxu||||| |||| 00| 0 eng d | ||
| 041 | _aeng | ||
| 082 |
_b1006 _a338.5024658 |
||
| 100 |
_aMthani,Dr D.M. _94218 |
||
| 245 | _aManagerial Economics Theory and Applications. | ||
| 260 |
_aMumbai _bHimalya Publishing House, _c2010 |
||
| 300 | _a653 | ||
| 650 |
_aManagement _9241 |
||
| 942 | _cBK | ||
| 999 |
_c361 _d361 |
||